The Anchor Bible : (Record no. 5257)
[ view plain ]
| 000 -LEADER | |
|---|---|
| fixed length control field | 01134cam a2200289 4500 |
| 001 - CONTROL NUMBER | |
| control field | 279532 |
| 003 - CONTROL NUMBER IDENTIFIER | |
| control field | AUA.1 |
| 005 - DATE AND TIME OF LATEST TRANSACTION | |
| control field | 20150226110336.0 |
| 008 - FIXED-LENGTH DATA ELEMENTS--GENERAL INFORMATION | |
| fixed length control field | 840730m19649999nyu b 001 0 eng |
| 010 ## - LIBRARY OF CONGRESS CONTROL NUMBER | |
| LC control number | 00-021363 |
| 020 ## - INTERNATIONAL STANDARD BOOK NUMBER | |
| International Standard Book Number | 978-0-300-139891 |
| 040 ## - CATALOGING SOURCE | |
| Original cataloging agency | DLC |
| Transcribing agency | DLC |
| Modifying agency | DLC |
| 050 00 - LIBRARY OF CONGRESS CALL NUMBER | |
| Classification number | BS 2341 |
| Item number | .A53 2001 |
| 082 00 - DEWEY DECIMAL CLASSIFICATION NUMBER | |
| Classification number | 220.6/6 |
| Edition number | 19 |
| 100 ## - MAIN ENTRY--PERSONAL NAME | |
| Personal name | Koester, Craig R. |
| 9 (RLIN) | 18207 |
| 130 0# - MAIN ENTRY--UNIFORM TITLE | |
| Uniform title | Bible. |
| Language of a work | English. |
| Version | Anchor Bible. |
| Date of a work | 1964. |
| 9 (RLIN) | 18208 |
| 245 14 - TITLE STATEMENT | |
| Title | The Anchor Bible : |
| Remainder of title | Hebrews / |
| Statement of responsibility, etc | Craig R. Koester. |
| 260 ## - PUBLICATION, DISTRIBUTION, ETC. (IMPRINT) | |
| Place of publication, distribution, etc | New Haven |
| -- | London |
| -- | Doubleday |
| Name of publisher, distributor, etc | Yale University Press. |
| Date of publication, distribution, etc | 2001. |
| 300 ## - PHYSICAL DESCRIPTION | |
| Extent | xxiii, 604p. : |
| Dimensions | 24 cm. |
| 440 ## - SERIES STATEMENT/ADDED ENTRY--TITLE | |
| Title | The Anchor Bible : |
| Number of part/section of a work | vol. 36. |
| 9 (RLIN) | 48498 |
| 504 ## - BIBLIOGRAPHY, ETC. NOTE | |
| Bibliography, etc | Includes bibliographical references and indexes. |
| 630 00 - SUBJECT ADDED ENTRY--UNIFORM TITLE | |
| Uniform title | Bible |
| Form subdivision | Commentaries |
| General subdivision | Hebrews |
| 9 (RLIN) | 18209 |
| 906 ## - LOCAL DATA ELEMENT F, LDF (RLIN) | |
| a | 7 |
| b | cbc |
| c | orignew |
| d | 2 |
| e | ocip |
| f | 19 |
| g | y-gencatlg |
| 942 ## - ADDED ENTRY ELEMENTS (KOHA) | |
| Source of classification or shelving scheme | Library of Congress Classification |
| Koha item type | Reference Book |
| Classification part | BS 2341 |
| Item part | A53 2001 |
| Withdrawn status | Lost status | Source of classification or shelving scheme | Damaged status | Not for loan | Collection code | Home library | Current library | Shelving location | Date acquired | Source of acquisition | Cost, normal purchase price | Serial Enumeration / chronology | Total Checkouts | Full call number | Barcode | Date last seen | Copy number | Cost, replacement price | Price effective from | Koha item type |
|---|---|---|---|---|---|---|---|---|---|---|---|---|---|---|---|---|---|---|---|---|
| Library of Congress Classification | Reference Shelves | Judith Thomas Library | Judith Thomas Library | Reference Books | 21/12/2011 | Donation, Biblical Research Institute | 10.00 | AUA006101 | BS 2341.2 .A53 2001 | AUA006101 | 21/12/2011 | v.36 | 10.00 | 21/12/2011 | Reference Book |